[Event "Titled Tuesday intern op 26th Jan"]
[Site "Chess.com INT"]
[Date "2021.01.26"]
[Round "11"]
[White "Kakumanu, Kautil Prasad"]
[Black "Khnykin, Nikolay"]
[Result "1/2-1/2"]
[WhiteElo "2306"]
[BlackElo "2309"]
[PlyCount "56"]
[EventDate "2021.01.26"]
[EventType "swiss (blitz)"]
[EventRounds "11"]
[EventCountry "USA"]
[SourceTitle "CBM 200 Extra"]
[Source "ChessBase"]
[SourceDate "2021.03.31"]
[SourceVersion "1"]
[SourceVersionDate "2021.03.31"]
[SourceQuality "1"]

1. e4 e6 2. d4 d5 3. Nd2 c6 4. c3 c5 5. exd5 exd5 6. dxc5 Bxc5 7. Ngf3 Nf6 8. Bb5+ Nc6 9. 0-0 0-0 10. Nb3 Bb6 11. Bg5 Qd6 12. Bxf6 Qxf6 13. Qxd5 Be6 14. Qh5 Bc7 15. Bxc6 bxc6 16. Nbd4 c5 17. Nxe6 fxe6 18. Qxc5 Rac8 19. Qd4 Qg6 20. Rad1 Rxf3 21. Qxa7 Rh3 22. g3 Bxg3 23. fxg3 Rxg3+ 24. hxg3 Qxg3+ 25. Kh1 Qh3+ 26. Kg1 Qg3+ 27. Kh1 Qh3+ 28. Kg1 Qg3+ 1/2-1/2

[Event "Titled Tuesday intern op 26th Jan"]
[Site "Chess.com INT"]
[Date "2021.01.26"]
[Round "1"]
[White "Kakumanu, Kautil Prasad"]
[Black "Manafov, Vugar Gulam"]
[Result "0-1"]
[WhiteElo "2306"]
[BlackElo "2236"]
[PlyCount "78"]
[EventDate "2021.01.26"]
[EventType "swiss (blitz)"]
[EventRounds "11"]
[EventCountry "USA"]
[SourceTitle "CBM 200 Extra"]
[Source "ChessBase"]
[SourceDate "2021.03.31"]
[SourceVersion "1"]
[SourceVersionDate "2021.03.31"]
[SourceQuality "1"]

1. e4 Nf6 2. e5 Nd5 3. c4 Nb6 4. d4 d6 5. exd6 cxd6 6. Nc3 g6 7. Be3 Bg7 8. Rc1 0-0 9. b3 Bf5 10. Nf3 d5 11. c5 Nc8 12. Be2 Nc6 13. 0-0 Bg4 14. a3 e6 15. b4 a6 16. Qd2 N8e7 17. h3 Bxf3 18. Bxf3 Nf5 19. Ne2 Nh4 20. Bg4 h5 21. Bg5 Bf6 22. Bxh4 Bxh4 23. Bf3 Bg5 24. Qd3 Bxc1 25. Rxc1 Qf6 26. Rd1 Rad8 27. Ng3 e5 28. dxe5 Nxe5 29. Qe2 Nxf3+ 30. gxf3 Rfe8 31. Qd3 Re5 32. Ne2 Rg5+ 33. Kf1 Re8 34. a4 Qb2 35. b5 axb5 36. axb5 Rxe2 37. Qxe2 Rg1+ 38. Kxg1 Qxe2 39. Rxd5 Qxb5 0-1

[Event "Titled Tuesday intern op 26th Jan"]
[Site "Chess.com INT"]
[Date "2021.01.26"]
[Round "2"]
[White "Kakumanu, Kautil Prasad"]
[Black "Potapova, Margarita"]
[Result "0-1"]
[WhiteElo "2306"]
[BlackElo "2277"]
[PlyCount "70"]
[EventDate "2021.01.26"]
[EventType "swiss (blitz)"]
[EventRounds "11"]
[EventCountry "USA"]
[SourceTitle "CBM 200 Extra"]
[Source "ChessBase"]
[SourceDate "2021.03.31"]
[SourceVersion "1"]
[SourceVersionDate "2021.03.31"]
[SourceQuality "1"]

1. e4 c5 2. Nf3 d6 3. Bb5+ Nd7 4. c3 a6 5. Ba4 Ngf6 6. Qe2 b5 7. Bc2 Bb7 8. 0-0 e6 9. d4 Be7 10. a4 c4 11. Nbd2 0-0 12. b3 cxb3 13. Bxb3 Qc7 14. Bb2 Rab8 15. axb5 axb5 16. Rfc1 Qb6 17. Bc2 Rfc8 18. Bd3 e5 19. dxe5 Nxe5 20. Nxe5 dxe5 21. c4 b4 22. Bxe5 Ra8 23. Nb3 Qe6 24. Bxf6 Bxf6 25. Rxa8 Bxa8 26. Ra1 Bxa1 27. Nxa1 Re8 28. f3 f5 29. Nc2 fxe4 30. Bxe4 Bxe4 31. fxe4 b3 32. Nd4 Qb6 33. Qb2 Rd8 34. Qxb3 Qxd4+ 35. Kf1 Qd3+ 0-1

[Event "Titled Tuesday intern op 19th Jan"]
[Site "Chess.com INT"]
[Date "2021.01.19"]
[Round "3"]
[White "Li, Hui"]
[Black "Kakumanu, Kautil Prasad"]
[Result "1/2-1/2"]
[WhiteElo "1985"]
[BlackElo "2306"]
[PlyCount "63"]
[EventDate "2021.01.19"]
[EventType "swiss (blitz)"]
[EventRounds "11"]
[EventCountry "USA"]
[SourceTitle "CBM 200 Extra"]
[Source "ChessBase"]
[SourceDate "2021.03.31"]
[SourceVersion "1"]
[SourceVersionDate "2021.03.31"]
[SourceQuality "1"]

1. e4 c5 2. Nf3 Nc6 3. d4 cxd4 4. Nxd4 g6 5. Nc3 Bg7 6. Be3 Nf6 7. Bc4 Qa5 8. 0-0 0-0 9. Bb3 d6 10. h3 Bd7 11. f4 Nxd4 12. Bxd4 Bc6 13. Nd5 Bxd5 14. exd5 Nd7 15. Bxg7 Kxg7 16. Qd4+ Kg8 17. Rae1 Rfe8 18. Kh2 Qc5 19. Qxc5 Nxc5 20. Re3 a5 21. Bc4 Kf8 22. Rfe1 b5 23. Bxb5 Reb8 24. a4 Ra7 25. g4 Rc7 26. Kg3 f6 27. h4 Kf7 28. Rc3 Rbb7 29. Kf3 Rb8 30. Kg3 Rbb7 31. Kf3 Rb8 32. Kg3 1/2-1/2

[Event "Titled Tuesday intern op 19th Jan"]
[Site "Chess.com INT"]
[Date "2021.01.19"]
[Round "10"]
[White "Myradow, Soltan"]
[Black "Kakumanu, Kautil Prasad"]
[Result "1-0"]
[WhiteElo "2233"]
[BlackElo "2306"]
[PlyCount "129"]
[EventDate "2021.01.19"]
[EventType "swiss (blitz)"]
[EventRounds "11"]
[EventCountry "USA"]
[SourceTitle "CBM 200 Extra"]
[Source "ChessBase"]
[SourceDate "2021.03.31"]
[SourceVersion "1"]
[SourceVersionDate "2021.03.31"]
[SourceQuality "1"]

1. d4 Nf6 2. c4 e6 3. Nc3 Bb4 4. e3 0-0 5. Nge2 c6 6. a3 Ba5 7. b4 Bc7 8. c5 a5 9. Bb2 d6 10. Ng3 b6 11. cxb6 Bxb6 12. Bd3 Ba6 13. 0-0 Bxd3 14. Qxd3 Nbd7 15. e4 Qe7 16. Nce2 c5 17. dxc5 dxc5 18. b5 Rfd8 19. Qc4 Bc7 20. Rac1 Rac8 21. f4 Nb6 22. Qxc5 Qxc5+ 23. Rxc5 Na4 24. Bxf6 gxf6 25. Rc6 Bb6+ 26. Kh1 Rxc6 27. bxc6 Rc8 28. Rc1 Nc5 29. Nd4 Nd3 30. Rc4 Bxd4 31. Rxd4 Rxc6 32. h3 Rc3 33. Nh5 Kf8 34. e5 fxe5 35. fxe5 Nxe5 36. Nf6 Rxa3 37. Nxh7+ Ke7 38. Ng5 Ra1+ 39. Kh2 f6 40. Ne4 Ra2 41. Kg3 f5 42. Nc3 Ra3 43. Kf4 Rxc3 44. Kxe5 Re3+ 45. Kf4 Re2 46. Kf3 Ra2 47. h4 Kf6 48. Rd7 a4 49. h5 Rc2 50. h6 Rc4 51. h7 Rh4 52. Kg3 Rh6 53. Ra7 Kg6 54. h8Q Rxh8 55. Rxa4 Kg5 56. Ra6 Re8 57. Kf2 e5 58. Kf3 Rb8 59. Ra7 Rb3+ 60. Kf2 Kf4 61. Ra4+ e4 62. Ra5 Rb2+ 63. Kf1 Kg3 64. Ra3+ Kh2 65. Rh3# 1-0

[Event "Titled Tuesday intern op 19th Jan"]
[Site "Chess.com INT"]
[Date "2021.01.19"]
[Round "8"]
[White "Rusan, Paul Cristian"]
[Black "Kakumanu, Kautil Prasad"]
[Result "1-0"]
[WhiteElo "2106"]
[BlackElo "2306"]
[PlyCount "77"]
[EventDate "2021.01.19"]
[EventType "swiss (blitz)"]
[EventRounds "11"]
[EventCountry "USA"]
[SourceTitle "CBM 200 Extra"]
[Source "ChessBase"]
[SourceDate "2021.03.31"]
[SourceVersion "1"]
[SourceVersionDate "2021.03.31"]
[SourceQuality "1"]

1. e4 c5 2. b4 cxb4 3. Bb2 Nc6 4. d4 d5 5. exd5 Qxd5 6. c4 bxc3 7. Nxc3 Qd8 8. d5 Nb8 9. Bb5+ Bd7 10. Bc4 Nf6 11. Nf3 g6 12. 0-0 Bg7 13. d6 0-0 14. dxe7 Qxe7 15. Re1 Qc5 16. Qb3 Nc6 17. Ba3 Qa5 18. Bxf8 Rxf8 19. Rac1 b6 20. Nd5 Nxd5 21. Bxd5 Nd4 22. Nxd4 Bxd4 23. Re7 Bxf2+ 24. Kh1 Bc5 25. Rxd7 Qd2 26. Qc2 Qe3 27. Rf1 Kg7 28. Qb3 Qe2 29. Qf3 Qe8 30. Qf6+ Kh6 31. Rxf7 Rxf7 32. Bxf7 Qe2 33. h3 Bd4 34. Qf4+ g5 35. Qf3 Qd2 36. Qh5+ Kg7 37. Bb3 Bf6 38. Qf7+ Kh6 39. Rxf6# 1-0

[Event "Titled Tuesday intern op 12th Jan"]
[Site "Chess.com INT"]
[Date "2021.01.12"]
[Round "7"]
[White "Cornette, Matthieu"]
[Black "Kakumanu, Kautil Prasad"]
[Result "1-0"]
[WhiteElo "2558"]
[BlackElo "2306"]
[PlyCount "65"]
[EventDate "2021.01.12"]
[EventType "swiss (blitz)"]
[EventRounds "11"]
[EventCountry "USA"]
[SourceTitle "CBM 200 Extra"]
[Source "ChessBase"]
[SourceDate "2021.03.31"]
[SourceVersion "1"]
[SourceVersionDate "2021.03.31"]
[SourceQuality "1"]

1. e4 c5 2. Nc3 g6 3. Bc4 Bg7 4. d3 Nc6 5. a3 Nf6 6. f4 0-0 7. Nf3 e6 8. e5 Ne8 9. Be3 b6 10. d4 cxd4 11. Nxd4 Nxd4 12. Qxd4 d6 13. 0-0-0 d5 14. Nxd5 exd5 15. Bxd5 Be6 16. Bxe6 Qc7 17. Bb3 Rc8 18. Qd7 Qb8 19. Rd2 Nc7 20. Rhd1 a5 21. g3 b5 22. e6 fxe6 23. Bxe6+ Kh8 24. Bd4 Nxe6 25. Qxe6 Rc7 26. Be5 Bxe5 27. Qxe5+ Kg8 28. Rd7 Rxd7 29. Rxd7 Qxe5 30. fxe5 Rf2 31. h4 Re2 32. Rd5 b4 33. Rxa5 1-0

[Event "IND-ch U25 26th"]
[Site "Port Blair"]
[Date "2017.07.16"]
[Round "6"]
[White "Kakumanu, Kautil Prasad"]
[Black "Harjap, Singh"]
[Result "1/2-1/2"]
[WhiteElo "1913"]
[BlackElo "1684"]
[PlyCount "188"]
[EventDate "2017.07.13"]
[EventType "swiss"]
[EventRounds "9"]
[EventCountry "IND"]
[SourceTitle "EXT 2018"]
[Source "ChessBase"]
[SourceDate "2017.10.13"]
[SourceVersion "1"]
[SourceVersionDate "2017.10.13"]
[SourceQuality "1"]

1. e4 c5 2. Nf3 Nc6 3. Bb5 d6 4. 0-0 e5 5. c3 a6 6. Bxc6+ bxc6 7. d4 cxd4 8. cxd4 Qc7 9. h3 Nf6 10. Nc3 Be7 11. Bg5 0-0 12. Rc1 exd4 13. Nxd4 Qb7 14. b3 Re8 15. Qf3 h6 16. Bh4 c5 17. Nf5 Bxf5 18. Qxf5 Rad8 19. Rcd1 Qd7 20. Qxd7 Rxd7 21. Rfe1 Red8 22. Rd3 Kf8 23. Red1 Ke8 24. Bg3 g5 25. f3 Nh5 26. Bh2 Ng7 27. g4 Ne6 28. Kg2 Nd4 29. Nd5 Rb7 30. Bg1 Ne6 31. Be3 f6 32. Bd2 Kf7 33. Bc3 Rdd7 34. R3d2 Bd8 35. Ne3 Nf4+ 36. Kh2 Bc7 37. Nd5 Nxd5 38. Rxd5 Re7 39. Kg2 Re8 40. Rf1 Kg6 41. Kf2 Re6 42. Ke3 Bb6 43. Kd3 Rbe7 44. Rd1 Rh7 45. Ke2 Bc7 46. Be1 Kf7 47. Bg3 h5 48. Kf2 hxg4 49. hxg4 Ke7 50. Kg2 Rh8 51. Bf2 Bb8 52. Bg3 Bc7 53. Rc1 a5 54. a4 Rb8 55. Rd3 Kf7 56. Rh1 Rg8 57. Kf2 Rg7 58. Ke2 Rg8 59. Kd2 Kg7 60. Kc3 Rb8 61. Rd2 Rh8 62. Rxh8 Kxh8 63. Kc4 Kg7 64. Kb5 Re8 65. Kc6 Bb8 66. Bxd6 Rd8 67. Kxc5 Ba7+ 68. Kc6 Be3 69. Rd5 Rc8+ 70. Bc7 Bf4 71. Rd7+ Kg6 72. Kb7 Rh8 73. Bxf4 gxf4 74. Rd3 Kg5 75. Kb6 Ra8 76. Kb5 Kh4 77. b4 axb4 78. Kxb4 Rb8+ 79. Kc5 Rc8+ 80. Kb6 Rb8+ 81. Ka7 Rb1 82. a5 Re1 83. a6 Re3 84. Rd5 Rxf3 85. Rf5 Kxg4 86. Rxf6 Re3 87. Kb7 Rxe4 88. a7 Re7+ 89. Kb6 Rxa7 90. Kxa7 f3 91. Kb6 Kg3 92. Kc5 f2 93. Kd4 Kg2 94. Rg6+ Kh2 1/2-1/2

[Event "IND-ch U25 26th"]
[Site "Port Blair"]
[Date "2017.07.14"]
[Round "3"]
[White "Gajwa, Ankit"]
[Black "Kakumanu, Kautil Prasad"]
[Result "1/2-1/2"]
[WhiteElo "2281"]
[BlackElo "1913"]
[PlyCount "152"]
[EventDate "2017.07.13"]
[EventType "swiss"]
[EventRounds "9"]
[EventCountry "IND"]
[SourceTitle "EXT 2018"]
[Source "ChessBase"]
[SourceDate "2017.10.13"]
[SourceVersion "1"]
[SourceVersionDate "2017.10.13"]
[SourceQuality "1"]

1. e4 c5 2. Nf3 g6 3. d4 cxd4 4. Nxd4 Nc6 5. Nc3 Bg7 6. Be3 Nf6 7. Bc4 Qa5 8. 0-0 0-0 9. Bb3 d6 10. h3 Bd7 11. Re1 Rac8 12. Qe2 a6 13. Rad1 Qc7 14. Nxc6 bxc6 15. Qxa6 c5 16. e5 dxe5 17. Nd5 Nxd5 18. Rxd5 c4 19. Bxc4 Qxc4 20. Qxc4 Rxc4 21. Rxd7 Rxc2 22. Rb1 e4 23. Rxe7 Rxb2 24. Rxb2 Bxb2 25. Rxe4 Ra8 26. a4 Bc3 27. Rc4 Ba5 28. g4 f6 29. Rc6 Kf7 30. Kg2 Bd8 31. Rc4 Ke6 32. Kf3 Kd5 33. Rd4+ Ke5 34. Ke2 Bb6 35. Rb4 Bxe3 36. Kxe3 Kd5 37. Kd3 Kc5 38. Kc3 Ra7 39. Rc4+ Kd5 40. Kb3 Rb7+ 41. Rb4 Ra7 42. Rf4 Ke5 43. Rc4 Kd5 44. Rc2 Kd6 45. Rc3 Ra8 46. Rd3+ Kc6 47. Rf3 Rf8 48. Kb4 f5 49. gxf5 gxf5 50. a5 f4 51. Rc3+ Kb7 52. Kb5 Rf7 53. Rc5 f3 54. Rh5 Ka7 55. a6 Ka8 56. Ka5 Ka7 57. Rb5 Ka8 58. Re5 Ka7 59. Kb5 Ka8 60. Rg5 Ka7 61. Rc5 Ka8 62. Kb6 Rf8 63. Rc6 Rb8+ 64. Ka5 Rb2 65. Rc8+ Ka7 66. Rc7+ Ka8 67. Rxh7 Rxf2 68. Rf7 Kb8 69. Kb6 Rb2+ 70. Kc5 f2 71. Kd4 Rb3 72. h4 Rb4+ 73. Kc5 Rxh4 74. Rxf2 Rh5+ 75. Kb6 Rh6+ 76. Kb5 Rh5+ 1/2-1/2

[Event "Barcelona Sant Marti op-A 18th"]
[Site "Barcelona"]
[Date "2016.07.14"]
[Round "2"]
[White "Kakumanu, Kautil Prasad"]
[Black "Snehal, Bohosale"]
[Result "1-0"]
[WhiteElo "1956"]
[BlackElo "2150"]
[PlyCount "47"]
[EventDate "2016.07.13"]
[EventType "swiss"]
[EventRounds "9"]
[EventCountry "ESP"]
[SourceTitle "CBM 173 Extra"]
[Source "ChessBase"]
[SourceDate "2016.08.29"]
[SourceVersion "1"]
[SourceVersionDate "2016.08.29"]
[SourceQuality "1"]

1. e4 e5 2. Nf3 Nc6 3. Bb5 a6 4. Ba4 Nf6 5. 0-0 Be7 6. d3 b5 7. Bb3 Bb7 8. a4 b4 9. Nbd2 0-0 10. Re1 d6 11. a5 Nd7 12. Nf1 Nc5 13. Bc4 Bf6 14. Ne3 Bc8 15. Nd5 Bg4 16. c3 Rb8 17. Be3 Be7 18. Bxc5 dxc5 19. Ne3 Bc8 20. Bd5 Nxa5 21. Nxe5 c6 22. Rxa5 Bb7 23. Bxf7+ Kh8 24. Qh5 1-0

[Event "Barbera del Valles op 39th"]
[Site "Barbera del Valles"]
[Date "2016.07.11"]
[Round "8"]
[White "Kakumanu, Kautil Prasad"]
[Black "Hernandez Requena, Francesc"]
[Result "1-0"]
[WhiteElo "1956"]
[BlackElo "1718"]
[PlyCount "53"]
[EventDate "2016.07.04"]
[EventType "swiss"]
[EventRounds "9"]
[EventCountry "ESP"]
[SourceTitle "EXT 2017"]
[Source "ChessBase"]
[SourceDate "2016.10.25"]
[SourceVersion "1"]
[SourceVersionDate "2016.10.25"]
[SourceQuality "1"]

1. e4 c6 2. d4 d5 3. Nc3 dxe4 4. Nxe4 Bf5 5. Ng3 Bg6 6. h4 h6 7. Nf3 Nd7 8. h5 Bh7 9. Bd3 Bxd3 10. Qxd3 Ngf6 11. Bd2 Qc7 12. 0-0-0 e6 13. Ne4 Nxe4 14. Qxe4 Nf6 15. Qe2 Bd6 16. g3 0-0 17. g4 Nd5 18. g5 Nf4 19. Qe4 f5 20. Qe3 c5 21. gxh6 cxd4 22. Nxd4 Qc4 23. hxg7 Rf7 24. Kb1 e5 25. Nf3 e4 26. h6 Rxg7 27. hxg7 1-0

[Event "Barbera del Valles op 39th"]
[Site "Barbera del Valles"]
[Date "2016.07.10"]
[Round "7"]
[White "Jordan Arenas, Manuel"]
[Black "Kakumanu, Kautil Prasad"]
[Result "1/2-1/2"]
[WhiteElo "2132"]
[BlackElo "1956"]
[PlyCount "48"]
[EventDate "2016.07.04"]
[EventType "swiss"]
[EventRounds "9"]
[EventCountry "ESP"]
[SourceTitle "EXT 2017"]
[Source "ChessBase"]
[SourceDate "2016.10.25"]
[SourceVersion "1"]
[SourceVersionDate "2016.10.25"]
[SourceQuality "1"]

1. d4 Nf6 2. c4 e6 3. Nf3 b6 4. g3 Bb4+ 5. Bd2 Bxd2+ 6. Qxd2 Ba6 7. b3 c6 8. Nc3 d5 9. Bg2 0-0 10. Ne5 Nfd7 11. cxd5 Nxe5 12. dxe5 cxd5 13. 0-0 Nc6 14. f4 Rc8 15. Rfd1 Qe7 16. Rac1 Rfd8 17. Qe1 Qa3 18. Bh3 Ne7 19. Qd2 Qc5+ 20. e3 Qb4 21. Qd4 Qxd4 22. exd4 Rc6 23. Re1 Rdc8 24. Re3 b5 1/2-1/2

[Event "Barbera del Valles op 39th"]
[Site "Barbera del Valles"]
[Date "2016.07.09"]
[Round "6"]
[White "Kakumanu, Kautil Prasad"]
[Black "Palomo Ruiperez, Bruno"]
[Result "1/2-1/2"]
[WhiteElo "1956"]
[BlackElo "1921"]
[PlyCount "49"]
[EventDate "2016.07.04"]
[EventType "swiss"]
[EventRounds "9"]
[EventCountry "ESP"]
[SourceTitle "EXT 2017"]
[Source "ChessBase"]
[SourceDate "2016.10.25"]
[SourceVersion "1"]
[SourceVersionDate "2016.10.25"]
[SourceQuality "1"]

1. e4 e5 2. Nf3 Nc6 3. Bb5 Nf6 4. d3 Bc5 5. Bxc6 dxc6 6. Nbd2 0-0 7. Qe2 Re8 8. Nc4 Nd7 9. Bg5 Be7 10. Bd2 Bd6 11. h3 Qe7 12. Ne3 Nc5 13. g4 Ne6 14. Nf5 Qd8 15. N3h4 Nd4 16. Nxd4 exd4 17. Nf5 c5 18. 0-0-0 Qf6 19. Nxd6 Qxd6 20. f4 Qa6 21. Kb1 b5 22. b3 Bb7 23. f5 c4 24. g5 c5 25. g6 1/2-1/2

[Event "Padova op-A 18th"]
[Site "Padova"]
[Date "2015.12.17"]
[Round "6.31"]
[White "Kakumanu, Kautil Prasad"]
[Black "Iasman, Inna"]
[Result "1-0"]
[WhiteElo "1875"]
[BlackElo "1843"]
[PlyCount "87"]
[EventDate "2015.12.13"]
[EventType "swiss"]
[EventRounds "9"]
[EventCountry "ITA"]
[SourceTitle "EXT 2024"]
[Source "ChessBase"]
[SourceDate "2023.10.10"]
[SourceVersion "1"]
[SourceVersionDate "2023.10.10"]
[SourceQuality "1"]

1. e4 c6 2. d4 d5 3. Nd2 dxe4 4. Nxe4 Bf5 5. Ng3 Bg6 6. h4 h6 7. Nf3 Nd7 8. h5 Bh7 9. Bd3 Bxd3 10. Qxd3 e6 11. Bd2 Qc7 12. 0-0-0 0-0-0 13. Ne4 Ngf6 14. g3 Nxe4 15. Qxe4 Nf6 16. Qe2 Bd6 17. c4 c5 18. Bc3 Kb8 19. d5 Rhe8 20. Bxf6 gxf6 21. Rhe1 Qe7 22. Rd3 Qd7 23. Qd2 Bf8 24. Qf4+ e5 25. Qh4 Bd6 26. Qxf6 e4 27. Rde3 exf3 28. Rxe8 Rxe8 29. Rxe8+ Qxe8 30. Qxd6+ Ka8 31. Qxc5 Qe1+ 32. Kc2 Qe2+ 33. Kc3 Qe1+ 34. Kb3 Qd1+ 35. Ka3 a6 36. d6 Qd3+ 37. b3 Qd2 38. Qd5 Qc1+ 39. Ka4 Ka7 40. Qc5+ Ka8 41. d7 b5+ 42. Ka5 Qd2+ 43. Kb6 Qxd7 44. Qf8+ 1-0

[Event "Barcelona Sant Marti op-A 17th"]
[Site "Barcelona"]
[Date "2015.07.20"]
[Round "8"]
[White "Kakumanu, Kautil Prasad"]
[Black "Dadello, Aleksandra"]
[Result "1/2-1/2"]
[WhiteElo "1616"]
[BlackElo "2068"]
[PlyCount "67"]
[EventDate "2015.07.13"]
[EventType "swiss"]
[EventRounds "9"]
[EventCountry "ESP"]
[SourceTitle "CBM 167 Extra"]
[Source "ChessBase"]
[SourceDate "2015.09.14"]
[SourceVersion "1"]
[SourceVersionDate "2015.09.14"]
[SourceQuality "1"]

1. c4 e5 2. Nc3 Nf6 3. g3 Bb4 4. Bg2 0-0 5. e4 d6 6. Nge2 c6 7. 0-0 Be6 8. Qb3 Bxc3 9. Qxc3 Nbd7 10. d4 Qe7 11. d5 cxd5 12. cxd5 Bg4 13. f3 Bh5 14. g4 Bg6 15. h4 h6 16. Be3 Rfc8 17. Qd2 Nb6 18. b3 Nfd7 19. h5 Bh7 20. Rac1 Nc5 21. Rc3 Rc7 22. Rfc1 Rac8 23. g5 hxg5 24. Bh3 Rf8 25. Rxc5 Rxc5 26. Bxc5 dxc5 27. d6 Qf6 28. Rxc5 Qxf3 29. d7 Rd8 30. Rxe5 Nxd7 31. Qxd7 Qe3+ 32. Kf1 Qf3+ 33. Kg1 Qe3+ 34. Kf1 1/2-1/2

[Event "Barcelona Sant Marti op-A 17th"]
[Site "Barcelona"]
[Date "2015.07.19"]
[Round "7"]
[White "Lopez Perdomo, Juan David"]
[Black "Kakumanu, Kautil Prasad"]
[Result "1/2-1/2"]
[WhiteElo "2056"]
[BlackElo "1616"]
[PlyCount "30"]
[EventDate "2015.07.13"]
[EventType "swiss"]
[EventRounds "9"]
[EventCountry "ESP"]
[SourceTitle "CBM 167 Extra"]
[Source "ChessBase"]
[SourceDate "2015.09.14"]
[SourceVersion "1"]
[SourceVersionDate "2015.09.14"]
[SourceQuality "1"]

1. d4 d5 2. Nf3 Nf6 3. e3 Bf5 4. c4 c6 5. Nc3 e6 6. Nh4 Be4 7. f3 Bg6 8. Nxg6 hxg6 9. e4 Bb4 10. Bg5 Qa5 11. Bxf6 Bxc3+ 12. bxc3 Qxc3+ 13. Kf2 gxf6 14. cxd5 exd5 15. exd5 0-0 1/2-1/2

[Event "Barcelona Sant Marti op-A 17th"]
[Site "Barcelona"]
[Date "2015.07.18"]
[Round "6"]
[White "Kakumanu, Kautil Prasad"]
[Black "Vazquez Moreno, Josep Maria"]
[Result "1/2-1/2"]
[WhiteElo "1616"]
[BlackElo "2104"]
[PlyCount "35"]
[EventDate "2015.07.13"]
[EventType "swiss"]
[EventRounds "9"]
[EventCountry "ESP"]
[SourceTitle "CBM 167 Extra"]
[Source "ChessBase"]
[SourceDate "2015.09.14"]
[SourceVersion "1"]
[SourceVersionDate "2015.09.14"]
[SourceQuality "1"]

1. c4 e5 2. Nc3 Nc6 3. g3 f5 4. Bg2 Nf6 5. d3 Bb4 6. Bd2 0-0 7. Nd5 Bxd2+ 8. Qxd2 d6 9. Nf3 e4 10. dxe4 fxe4 11. Nd4 Nxd5 12. Nxc6 bxc6 13. cxd5 c5 14. Bxe4 Bh3 15. f3 Rb8 16. Kf2 Rb4 17. Qc2 Qf6 18. Bxh7+ 1/2-1/2

[Event "Barcelona Sant Marti op-A 17th"]
[Site "Barcelona"]
[Date "2015.07.15"]
[Round "3"]
[White "Glimbrant, Torbjorn"]
[Black "Kakumanu, Kautil Prasad"]
[Result "0-1"]
[WhiteElo "2197"]
[BlackElo "1616"]
[PlyCount "86"]
[EventDate "2015.07.13"]
[EventType "swiss"]
[EventRounds "9"]
[EventCountry "ESP"]
[SourceTitle "CBM 167 Extra"]
[Source "ChessBase"]
[SourceDate "2015.09.14"]
[SourceVersion "1"]
[SourceVersionDate "2015.09.14"]
[SourceQuality "1"]

1. e4 c5 2. Nf3 Nc6 3. d4 cxd4 4. Nxd4 g6 5. c4 Bg7 6. Be3 Nf6 7. Nc3 0-0 8. Be2 d6 9. 0-0 Bd7 10. Qd2 Nxd4 11. Bxd4 Bc6 12. f3 a5 13. b3 Nd7 14. Bxg7 Kxg7 15. Nd5 Bxd5 16. exd5 Qb6+ 17. Kh1 Nc5 18. Rab1 Rfe8 19. f4 Ne4 20. Qb2+ Kg8 21. Bf3 Nc5 22. g4 Nd7 23. Rbe1 Rac8 24. Qd2 Qb4 25. Qf2 a4 26. Re3 Nc5 27. f5 Nd7 28. Bd1 Ne5 29. g5 axb3 30. axb3 Qc5 31. Rfe1 Nd3 32. Qh4 Nxe1 33. Rh3 h5 34. fxg6 fxg6 35. Bxh5 Rf8 36. Bf3 Kf7 37. Qxe1 Ke8 38. Qe6 Ra8 39. Qxg6+ Kd7 40. Qe6+ Kd8 41. Qe1 Qd4 42. Be4 Ra1 43. Bb1 Qb2 0-1

[Event "Barcelona Sant Marti op-A 17th"]
[Site "Barcelona"]
[Date "2015.07.13"]
[Round "1"]
[White "Raja, Harshit"]
[Black "Kakumanu, Kautil Prasad"]
[Result "0-1"]
[WhiteElo "2205"]
[BlackElo "1616"]
[PlyCount "73"]
[EventDate "2015.07.13"]
[EventType "swiss"]
[EventRounds "9"]
[EventCountry "ESP"]
[SourceTitle "CBM 167 Extra"]
[Source "ChessBase"]
[SourceDate "2015.09.14"]
[SourceVersion "1"]
[SourceVersionDate "2015.09.14"]
[SourceQuality "1"]

1. Nf3 d5 2. d4 Nf6 3. c4 c6 4. cxd5 cxd5 5. Nc3 Nc6 6. g3 e6 7. Bg2 Be7 8. 0-0 0-0 9. Bf4 Bd7 10. Ne5 Rc8 11. Nxc6 Bxc6 12. f3 b5 13. Qd2 b4 14. Nd1 Ba4 15. b3 Bb5 16. Nf2 Qd7 17. Rfc1 a5 18. Nd3 Qa7 19. Be3 Nd7 20. Bf2 Bf6 21. Ne1 Nb6 22. e4 Be7 23. e5 a4 24. Nd3 Rxc1+ 25. Rxc1 axb3 26. axb3 Qa3 27. Nc5 Rc8 28. Qd1 Be2 29. Qe1 Ra8 30. Be3 Qb2 31. Rb1 Qc2 32. Rc1 Qb2 33. Rb1 Qc2 34. Rc1 Qb2 35. Qxb4 Bxf3 36. Bxf3 Ra2 37. Qd2 0-1

[Event "Barbera del Valles op 38th"]
[Site "Barbera del Valles"]
[Date "2015.07.11"]
[Round "8"]
[White "Ros Alonso, Jaume"]
[Black "Kakumanu, Kautil Prasad"]
[Result "1-0"]
[WhiteElo "2028"]
[BlackElo "1616"]
[PlyCount "71"]
[EventDate "2015.07.04"]
[EventType "swiss"]
[EventRounds "9"]
[EventCountry "ESP"]
[SourceTitle "CBM 167 Extra"]
[Source "ChessBase"]
[SourceDate "2015.09.14"]
[SourceVersion "1"]
[SourceVersionDate "2015.09.14"]
[SourceQuality "1"]

1. e4 c5 2. Nf3 Nc6 3. d4 cxd4 4. Nxd4 g6 5. Nc3 Bg7 6. Nb3 Nf6 7. Be2 0-0 8. 0-0 d6 9. Bg5 h6 10. Bh4 Be6 11. Kh1 Na5 12. Nd4 Bc4 13. Bxc4 Nxc4 14. b3 Qa5 15. Bxf6 Bxf6 16. Nd5 Ne5 17. Nxf6+ exf6 18. c4 Rad8 19. a4 Nc6 20. f4 Qc5 21. Nc2 f5 22. exf5 Qxf5 23. Ne3 Qe6 24. Qd2 f5 25. Rfe1 Qf7 26. Nd5 Rfe8 27. Re3 Kf8 28. Rae1 Rxe3 29. Rxe3 Re8 30. h3 Qg7 31. Qe1 Rxe3 32. Qxe3 Kf7 33. Nc7 Qa1+ 34. Kh2 Qd4 35. Qe8+ Kg7 36. Ne6+ 1-0

[Event "Barbera del Valles op 38th"]
[Site "Barbera del Valles"]
[Date "2015.07.09"]
[Round "6"]
[White "Martinez Lopez, Carlos"]
[Black "Kakumanu, Kautil Prasad"]
[Result "0-1"]
[WhiteElo "1996"]
[BlackElo "1616"]
[PlyCount "72"]
[EventDate "2015.07.04"]
[EventType "swiss"]
[EventRounds "9"]
[EventCountry "ESP"]
[SourceTitle "CBM 167 Extra"]
[Source "ChessBase"]
[SourceDate "2015.09.14"]
[SourceVersion "1"]
[SourceVersionDate "2015.09.14"]
[SourceQuality "1"]

1. e4 c5 2. Nf3 Nc6 3. d4 cxd4 4. Nxd4 g6 5. Nc3 Bg7 6. Be3 Nf6 7. Bc4 0-0 8. Bb3 d5 9. exd5 Na5 10. Nf3 b6 11. Qd2 Bb7 12. 0-0-0 Qc8 13. d6 Nxb3+ 14. axb3 Rd8 15. Qe2 exd6 16. Qc4 Ng4 17. Nd5 Nxe3 18. Nxe3 Qc5 19. Qxc5 dxc5 20. c3 Kf8 21. Rhe1 Bf6 22. Ng4 Be7 23. Rxd8+ Rxd8 24. Rd1 Rxd1+ 25. Kxd1 f5 26. Ne3 Kf7 27. Ke2 f4 28. Nc4 g5 29. Nfe5+ Ke6 30. f3 b5 31. Na5 Kxe5 32. Nxb7 Kd5 33. b4 cxb4 34. cxb4 Bxb4 35. Kd3 h5 36. b3 Be7 0-1